000 00950nam a2200241 i 4500
001 187674
003 ES-MaACL
005 20251109132716.0
008 180112m19181914fr |||| |dfre d
080 _a821.133.1-31"19"
100 1 _aGuizot, François,
_d1787-1874
_9127641
245 1 0 _aPages choisies de Guizot /
_cGuizot ; publiées par Mme Guizot de Witt.
250 _a2e éd.
260 _aParis :
_bLibrairie académique Perrin et Cie.,
_c1918.
300 _aXVIII, 284 p. ;
_c19 cm.
490 1 _aPages choisies des grands écrivains.
_aLectures littéraires
594 _aDescripción basada en cub.
596 _aEn port.: Librairie Armand Colin.
700 1 _aWitt, Henriette de,
_d1829-1908
_9164043
830 0 _aPages choisies des grands écrivains.
_aLectures littéraires
_9225601
852 _aES-MaACL
_jL-31845
_z. - Donat. herederos de la bibl. de Mª del Pilar Costa Palacín
999 _c187674
_d187674